元素クイズ - Statistics

General Stats
  • This quiz has been taken 31 times
  • The average score is 67 of 118
Answer Stats
原子番号 元素記号 元素名 % Correct
1 H 水素 1
100%
2 He ヘリウム 18
100%
3 Li リチウム 1
100%
4 Be ベリリウム 2
100%
6 C 炭素 14
100%
7 N 窒素 15
100%
8 O 酸素 16
100%
11 Na ナトリウム 1
100%
5 B ホウ素 13
96%
9 F フッ素 17
96%
10 Ne ネオン 18
96%
12 Mg マグネシウム 2
96%
13 Al アルミニウム 13
96%
20 Ca カルシウム 2
96%
22 Ti チタン 4
92%
26 Fe 8
92%
29 Cu 11
92%
47 Ag 11
92%
78 Pt 白金 10
92%
79 Au 11
92%
14 Si ケイ素 14
88%
19 K カリウム 1
88%
25 Mn マンガン 7
88%
28 Ni ニッケル 10
88%
56 Ba バリウム 2
88%
113 Nh ニホニウム 13
88%
17 Cl 塩素 17
85%
18 Ar アルゴン 18
85%
31 Ga ガリウム 13
85%
15 P リン 15
81%
16 S 硫黄 16
81%
27 Co コバルト 9
81%
30 Zn 亜鉛 12
81%
21 Sc スカンジウム 3
77%
92 U ウラン 7
77%
32 Ge ゲルマニウム 14
73%
35 Br 臭素 17
73%
80 Hg 水銀 12
73%
23 V バナジウム 5
69%
24 Cr クロム 6
69%
36 Kr クリプトン 18
69%
39 Y イットリウム 3
69%
53 I ヨウ素 17
69%
86 Rn ラドン 18
69%
54 Xe キセノン 18
65%
55 Cs セシウム 1
65%
74 W タングステン 6
65%
82 Pb 14
65%
34 Se セレン 16
62%
37 Rb ルビジウム 1
62%
42 Mo モリブデン 6
62%
52 Te テルル 16
62%
118 Og オガネソン 18
62%
38 Sr ストロンチウム 2
58%
48 Cd カドミウム 12
58%
50 Sn スズ 14
58%
84 Po ポロニウム 16
58%
49 In インジウム 13
54%
77 Ir イリジウム 9
54%
83 Bi ビスマス 15
54%
87 Fr フランシウム 1
54%
94 Pu プルトニウム 9
54%
33 As ヒ素 15
50%
43 Tc テクネチウム 7
50%
72 Hf ハフニウム 4
50%
40 Zr ジルコニウム 4
46%
41 Nb ニオブ 5
46%
57 La ランタン 4
46%
70 Yb イッテルビウム 17
46%
73 Ta タンタル 5
46%
76 Os オスミウム 8
46%
88 Ra ラジウム 2
46%
89 Ac アクチニウム 4
46%
46 Pd パラジウム 10
42%
51 Sb アンチモン 15
42%
95 Am アメリシウム 10
42%
117 Ts テネシン 17
42%
44 Ru ルテニウム 8
38%
45 Rh ロジウム 9
38%
60 Nd ネオジム 7
38%
71 Lu ルテチウム 18
38%
81 Tl タリウム 13
38%
96 Cm キュリウム 11
38%
102 No ノーベリウム 17
38%
103 Lr ローレンシウム 18
38%
105 Db ドブニウム 5
38%
111 Rg レントゲニウム 11
38%
116 Lv リバモリウム 16
38%
58 Ce セリウム 5
35%
61 Pm プロメチウム 8
35%
63 Eu ユウロピウム 10
35%
75 Re レニウム 7
35%
93 Np ネプツニウム 8
35%
99 Es アインスタイニウム 14
35%
62 Sm サマリウム 9
31%
69 Tm ツリウム 16
31%
85 At アスタチン 17
31%
108 Hs ハッシウム 8
31%
114 Fl フレロビウム 14
31%
115 Mc モスコビウム 15
31%
59 Pr プラセオジム 6
27%
100 Fm フェルミウム 15
27%
110 Ds ダームスタチウム 10
27%
65 Tb テルビウム 12
23%
66 Dy ジスプロシウム 13
23%
68 Er エルビウム 15
23%
90 Th トリウム 5
23%
91 Pa プロトアクチニウム 6
23%
101 Md メンデレビウム 16
23%
106 Sg シーボーギウム 6
23%
107 Bh ボーリウム 7
23%
109 Mt マイトネリウム 9
23%
112 Cn コペルニシウム 12
23%
64 Gd カドリニウム 11
8%
67 Ho ホルシウム 14
4%
97 Bk バークリアム 12
0%
98 Cf カリホルリアム 13
0%
104 Rf ラハホージウム 4
0%
No matching quizzes found
Score Distribution
Percent of People with Each Score
Percentile by Number Answered
Your Score History
You have not taken this quiz